书目信息 |
| 题名: |
广告艺术设计
|
|
| 作者: | 陈琏年 , 黄吉淳 编著 | |
| 分册: | ||
| 出版信息: | 重庆 重庆大学出版社 2002 |
|
| 页数: | 92页 | |
| 开本: | 29cm | |
| 丛书名: | 高等院校艺术设计专业丛书 | |
| 单 册: | ||
| 中图分类: | J524.3 | |
| 科图分类: | ||
| 主题词: | 广告--设计--高等学校 | |
| 电子资源: | ||
| ISBN: | 7-5624-2626-0 | |
| 000 | 00871oam2 2200253 45 | |
| 001 | 002182374 | |
| 005 | 20050329141022.8 | |
| 010 | @a7-5624-2626-0@dCNY37.00 | |
| 100 | @a20021031d2002 em y0chiy0110 ea | |
| 101 | 0 | @achi |
| 102 | @aCN@b500000 | |
| 105 | @aa z 000yy | |
| 200 | 1 | @a广告艺术设计@Aguang gao yi shu she ji@f陈琏年,黄吉淳编著@FChen Lian Nian,Huang Ji Chun Bian Zhu |
| 210 | @a重庆@c重庆大学出版社@d2002 | |
| 215 | @a92页@c图@d29cm | |
| 225 | 2 | @a高等院校艺术设计专业丛书 |
| 330 | @a本书内容包括:广告设计概述、广告认知原理、广告创意思考、广告图形表现、广告文字处理、广告色彩计划、广告版式编排、广告媒体设计考虑等。 | |
| 410 | @12001 @a高等院校艺术设计专业丛书 | |
| 606 | 0 | @a广告@x设计@x高等学校 |
| 690 | @aJ524.3@v4 | |
| 701 | 0 | @a陈琏年@4编著 |
| 701 | 0 | @a黄吉淳@4编著 |
| 801 | 0 | @aCN@bNLC@c20030526 |
| 905 | @b346645-647@dJ524.3@e111@f3 | |
| 广告艺术设计/陈琏年,黄吉淳编著.-重庆:重庆大学出版社,2002 |
| 92页:图;29cm.-(高等院校艺术设计专业丛书) |
| ISBN 7-5624-2626-0:CNY37.00 |
| 本书内容包括:广告设计概述、广告认知原理、广告创意思考、广告图形表现、广告文字处理、广告色彩计划、广告版式编排、广告媒体设计考虑等。 |
| ● |
| 相关链接 |
|
|
|
|
正题名:广告艺术设计
索取号:J524.3/111
 
预约/预借
| 序号 | 登录号 | 条形码 | 馆藏地/架位号 | 状态 | 备注 |
| 1 | 0346645 | 203466454 | 第一样本阅览室/ [索取号:J524.3/111] | 在馆 | |
| 2 | 0346646 | 203466463 | 第一借阅区/ [索取号:J524.3/111] | 在馆 | |
| 3 | 0346647 | 203466472 | 第一借阅区/ [索取号:J524.3/111] | 在馆 |